000 00243nam a22000857a 4500
008 161215b xxu||||| |||| 00| 0 eng d
100 _92070
_aKalra. P. S
245 _aLaboratory Skills Mathematics part-4
260 _aNew Delhi
_bArya publication
_c2007
999 _c4941
_d4941